Los delitos del futuro (Registro nro. 9104)

Detalles MARC
000 -Cabecera
Campo de control de longitud fija 00563nam a22002417a 4500
005 - Fecha y hora de la última transacción
Campo de control 20260302192731.0
008 - Elementos de longitud fija--Información general
Campo de control de longitud fija 170321b2015 xxu||||| |||| 00| 0 spa d
020 ## - International Standard Book Number
Número Internacional Estándar del Libro (ISBN) 9788433422940
041 ## - Idioma
Código de idioma Español
082 ## - Clasificación Decimal Dewey
Número de clasificación 364.1 G653d
100 ## - Entrada principal--Autor personal
Nombre personal Goodman, Marc
9 (RLIN) 41435
245 ## - Título propiamente dicho
Título Los delitos del futuro
260 ## - Pie de imprenta
Lugar de publicación, distribución, etc. España
260 ## - Pie de imprenta
Nombre del editor, distribuidor, etc. Ariel
260 ## - Pie de imprenta
Fecha de publicación, distribución, etc. 2015
300 ## - Descripción física
Extensión 692 páginas
490 ## - Serie
Título de la Serie Investigación Criminal
650 ## - Materia general
Temática (materia general) DELITO
650 ## - Materia general
Temática (materia general) TEORÍA DEL DELITO
650 ## - Materia general
Temática (materia general) CRIMEN
650 ## - Materia general
Temática (materia general) CIBERDELICUENCIA
942 ## - Punto de acceso adicional KOHA
Tipo de ítem KOHA Libro
Fuente del sistema de clasificación o colocación Dewey Decimal Classification
Existencias
Signatura completa Código de barras Programa Académico Tipo de ítem
364.1 G653d 21655 Investigación Criminal Libro